000
00306nam a2200121Ia 4500
005
20251222152720.0
008
251222s9999||||xx |||||||||||||| ||spa||
082
_a
343.8/R92
100
_a
C.P.C. Rueda Peves, Gregorio
245
0
_a
Texto Único del Código Tributario
264
_b
Edigraber
942
_c
LIB
999
_c
29548
_d
29548